Los ingenieros españoles en América / (Record no. 170131)

MARC details
000 -LEADER
campo de control de longitud fija 00826nam a22002295i 4500
001 - NÚMERO DE CONTROL
campo de control 170131
003 - IDENTIFICADOR DE NÚMERO DE CONTROL
campo de control ES-MaACL
005 - FECHA Y HORA DE LA ÚLTIMA TRANSACCIÓN
campo de control 20230906214309.0
008 - DATOS DE LONGITUD FIJA--INFORMACIÓN GENERAL
campo de control de longitud fija 090204s1996 sp |||| | spa d
020 ## - NÚMERO INTERNACIONAL ESTÁNDAR DEL LIBRO
Número Internacional Estándar del Libro 84-921880-1-4
080 ## - NÚMERO DE LA CLASIFICACIÓN DECIMAL UNIVERSAL
Número de la Clasificación Decimal Universal 626/628(8=60)"15/19"
100 1# - ENTRADA PRINCIPAL--NOMBRE DE PERSONA
Nombre de persona Díaz-Marta Pinilla, Manuel.
9 (RLIN) 44340
245 14 - MENCIÓN DEL TÍTULO
Título Los ingenieros españoles en América /
Mención de responsabilidad, etc. Manuel Díaz-Marta.
260 ## - PUBLICACIÓN, DISTRIBUCIÓN, ETC.
Lugar de publicación, distribución, etc. Madrid :
Nombre del editor, distribuidor, etc. Fundaciones Españoles en el Mundo,
Fecha de publicación, distribución, etc. [1996]
300 ## - DESCRIPCIÓN FÍSICA
Extensión 40 p. :
Otras características físicas il. ;
Dimensiones 28 cm.
490 1# - MENCIÓN DE SERIE
Mención de serie Cuadernos de la Fundación Españoles en el Mundo ;
Designación de volumen o secuencia 18
650 #4 - PUNTO DE ACCESO ADICIONAL DE MATERIA--TÉRMINO DE MATERIA
Término de materia o nombre geográfico como elemento de entrada Obras hidráulicas-
Subdivisión geográfica América española.
9 (RLIN) 15672
710 2# - ENTRADA AGREGADA--NOMBRE DE ENTIDAD CORPORATIVA
Nombre de entidad corporativa o nombre de jurisdicción como elemento de entrada Fundación Españoles en el Mundo.
9 (RLIN) 4290
830 1# - PUNTO DE ACCESO ADICIONAL DE SERIE-TÍTULO UNIFORME
Título uniforme Cuadernos de la Fundación Españoles en el Mundo ;
Designación de volumen o secuencia 18
9 (RLIN) 179150
852 ## - LOCALIZACIÓN
Ubicación ES-MaACL
Número de control de estantería 2240-F-21
Holdings
Estatus retirado Estado de pérdida Estado de daño No para préstamo Colección Biblioteca de origen Biblioteca actual Ubicación en estantería Fecha de adquisición Fuente de adquisición Total de préstamos Signatura topográfica completa Código de barras Visto por última vez Precio de reemplazo Tipo de ítem Koha
        Colección de folletos Biblioteca del Ateneo de Madrid Biblioteca del Ateneo de Madrid Depósito folletos 04/02/2009     2240-F-21 1178614 23/02/2023 23/02/2023 Folleto